|
|
|
|
| LEADER |
00000nab a2200000 ar4500 |
| 001 |
vtls010178627 |
| 003 |
SK-MaSNL |
| 005 |
20260304155037.0 |
| 008 |
250507c2010 xo ||||||||||||00 b|slo |
| 015 |
|
|
|a SNBRB2010/10
|2 snkbucl
|
| 035 |
|
|
|a (uuid)b390e6f0-535c-4679-b70a-de016292c644
|
| 035 |
|
|
|a urn:nbn:sk:snk-abc6cd
|
| 035 |
|
|
|a (urnnbn)urn:nbn:sk:snk:ar-00094o
|
| 038 |
|
|
|a SNKBUCL
|
| 040 |
|
|
|a SNKBUCL
|b slo
|c SNKBUCL
|e AACR2
|
| 041 |
0 |
|
|a slo
|
| 044 |
|
|
|a xo
|c SK
|
| 080 |
|
|
|a 316.723
|2 2001
|
| 100 |
1 |
|
|a Látalová, Lenka
|4 aut
|9 328669
|
| 245 |
1 |
0 |
|a EMO fenomén odkrytých emócií
|c Lenka Látalová
|
| 300 |
|
|
|b Fotogr.
|
| 650 |
0 |
7 |
|a subkultúry
|2 snkbucl
|9 4945
|
| 650 |
0 |
7 |
|a mládež
|2 snkbucl
|9 1575
|
| 650 |
0 |
7 |
|a emo
|2 snkbucl
|9 1307545
|
| 655 |
|
7 |
|a štúdie
|2 snkbucl
|9 57033
|
| 773 |
0 |
|
|t Rozmer
|g Roč. XIII, č. 3 (2010), s. 32-37
|x 1335-2660
|
| 850 |
|
|
|a Slovenská národná knižnica
|
| 852 |
|
|
|a Slovenská národná knižnica
|
| 958 |
|
|
|a article15
|
| 958 |
|
|
|a OND
|
| 958 |
|
|
|a EUIPO
|
| 999 |
|
|
|c 2960520
|d 2962450
|